<?xml version="1.0" encoding="UTF-8"?>
<collection xmlns="http://www.loc.gov/MARC21/slim">
 <record>
  <leader>01066naa a2200241 i 4500</leader>
  <controlfield tag="001">acta71618</controlfield>
  <controlfield tag="005">20230223130728.0</controlfield>
  <controlfield tag="008">210120s2021    hu      o     1||   eng d</controlfield>
  <datafield tag="024" ind1="7" ind2=" ">
   <subfield code="a">10.14232/syrptbrs.2021.op15</subfield>
   <subfield code="2">doi</subfield>
  </datafield>
  <datafield tag="040" ind1=" " ind2=" ">
   <subfield code="a">SZTE Egyetemi Kiadványok Repozitórium</subfield>
   <subfield code="b">hun</subfield>
  </datafield>
  <datafield tag="041" ind1=" " ind2=" ">
   <subfield code="a">eng</subfield>
  </datafield>
  <datafield tag="100" ind1="1" ind2=" ">
   <subfield code="a">Kiss Eszter L.</subfield>
  </datafield>
  <datafield tag="245" ind1="1" ind2="0">
   <subfield code="a">Mucoadhesive nanostructured lipid carriers for ophthalmic use</subfield>
   <subfield code="h">[elektronikus dokumentum] /</subfield>
   <subfield code="c"> Kiss Eszter L.</subfield>
  </datafield>
  <datafield tag="260" ind1=" " ind2=" ">
   <subfield code="c">2021</subfield>
  </datafield>
  <datafield tag="300" ind1=" " ind2=" ">
   <subfield code="a">27</subfield>
  </datafield>
  <datafield tag="490" ind1="0" ind2=" ">
   <subfield code="a">Symposium of Young Researchers on Pharmaceutical Technology, Biotechnology and Regulatory Science</subfield>
   <subfield code="v">3</subfield>
  </datafield>
  <datafield tag="650" ind1=" " ind2="4">
   <subfield code="a">Orvos- és egészségtudomány</subfield>
  </datafield>
  <datafield tag="650" ind1=" " ind2="4">
   <subfield code="a">Általános orvostudomány</subfield>
  </datafield>
  <datafield tag="695" ind1=" " ind2=" ">
   <subfield code="a">Gyógyszertechnológia - előadáskivonat, Biotechnológia - előadáskivonat</subfield>
  </datafield>
  <datafield tag="700" ind1="0" ind2="2">
   <subfield code="a">Budai-Szűcs Mária</subfield>
   <subfield code="e">aut</subfield>
  </datafield>
  <datafield tag="700" ind1="0" ind2="2">
   <subfield code="a">Csányi Erzsébet</subfield>
   <subfield code="e">aut</subfield>
  </datafield>
  <datafield tag="711" ind1=" " ind2=" ">
   <subfield code="a">Symposium of Young Researchers on Pharmaceutical Technology, Biotechnology and Regulatory Science (3.)</subfield>
   <subfield code="c">Szeged</subfield>
   <subfield code="d">2021</subfield>
  </datafield>
  <datafield tag="856" ind1="4" ind2="0">
   <subfield code="u">http://acta.bibl.u-szeged.hu/71618/1/syrptbrs_2021_027.pdf</subfield>
   <subfield code="z">Dokumentum-elérés </subfield>
  </datafield>
 </record>
</collection>
